000 00515nam a2200145Ia 4500
008 100204s9999 xx 000 0 und d
082 _b8806
100 _aहसमनीस द. का.
245 _aमंदिरी कोंडिला राम
260 _b"अजिंक्य प्रकाशन, पुणे 2"
_c1986
300 _a188
630 _aमंदिरी कोंडिला राम
730 _aमंदिरी कोंडिला राम
942 _cBOOK
999 _c453242
_d453239